000 01050nam a2200265Ia 4500
003 OSt
005 20220923224527.0
006 a|||||r|||| 00| 0
007 ta
008 220922b |||||||| |||| 00| 0 hin d
020 _c300
024 _a239,056
037 _b587, 23/03/2009, Vani Prakashan
_cTextual
040 _aARTS
_cARTS
_bhin
041 _2hin
_ahin
082 _aY5924R.2, 152P5
100 _aटॉड, जेम्स; पालीवाल, देवी लाल, संपा.
_9168075
245 0 _aराजपूत जातियों का इतिहास
246 _aRājapūt jātiyoan kā itihāsa
260 _aजोधपुर
_b राजस्थानी ग्रन्थगार
_c2005
300 _a236पृ.
_ccm.
650 _aभारतीय-लोक साहित्य
942 _hY5924R.2, 152P5
_cTEXL
_2CC
999 _c371992
_d371992